Data structures using c / (Record no. 182070)
[ view plain ]
| 000 -LEADER | |
|---|---|
| fixed length control field | 00872nam a2200265Ia 4500 |
| 005 - DATE AND TIME OF LATEST TRANSACTION | |
| control field | 20241107104059.0 |
| 008 - FIXED-LENGTH DATA ELEMENTS--GENERAL INFORMATION | |
| fixed length control field | 210716s1991 xx 000 0 und d |
| 020 ## - INTERNATIONAL STANDARD BOOK NUMBER | |
| International Standard Book Number | 876926960 |
| 040 ## - CATALOGING SOURCE | |
| Transcribing agency | AIMIT LIBRARY |
| 041 ## - LANGUAGE CODE | |
| Language code of text/sound track or separate title | eng |
| 082 ## - DEWEY DECIMAL CLASSIFICATION NUMBER | |
| Classification number | 005.73 |
| Edition number | 1 |
| Item number | TENA |
| 100 ## - MAIN ENTRY--PERSONAL NAME | |
| Personal name | Tenenbaum, Aaron M. |
| 9 (RLIN) | 45257 |
| 245 ## - TITLE STATEMENT | |
| Title | Data structures using c / |
| Statement of responsibility, etc. | By Aaron M. Tenenbaum, Yedidyah Langsam and Moshe J. Augenstein. |
| 250 ## - EDITION STATEMENT | |
| Edition statement | 1st ed. |
| 260 ## - PUBLICATION, DISTRIBUTION, ETC. | |
| Place of publication, distribution, etc. | New Delhi : |
| Name of publisher, distributor, etc. | Prentice Hall of India , |
| Date of publication, distribution, etc. | 1991 . |
| 300 ## - PHYSICAL DESCRIPTION | |
| Extent | x, 662p. ; |
| Dimensions | 23.5 cm. |
| 650 ## - SUBJECT ADDED ENTRY--TOPICAL TERM | |
| Topical term or geographic name entry element | Graphs and their applications |
| 9 (RLIN) | 45258 |
| 650 ## - SUBJECT ADDED ENTRY--TOPICAL TERM | |
| Topical term or geographic name entry element | Queues and lists |
| 9 (RLIN) | 45268 |
| 650 ## - SUBJECT ADDED ENTRY--TOPICAL TERM | |
| Topical term or geographic name entry element | Sorting |
| 9 (RLIN) | 184425 |
| 650 ## - SUBJECT ADDED ENTRY--TOPICAL TERM | |
| Topical term or geographic name entry element | Graphs and their applications |
| 9 (RLIN) | 184426 |
| 650 ## - SUBJECT ADDED ENTRY--TOPICAL TERM | |
| Topical term or geographic name entry element | Storage management |
| 9 (RLIN) | 184427 |
| 700 ## - ADDED ENTRY--PERSONAL NAME | |
| Personal name | Langsam, Yedidyah. |
| 9 (RLIN) | 45269 |
| 700 ## - ADDED ENTRY--PERSONAL NAME | |
| Personal name | Augenstein, Moshe J. |
| 9 (RLIN) | 45270 |
| 942 ## - ADDED ENTRY ELEMENTS (KOHA) | |
| Source of classification or shelving scheme | Dewey Decimal Classification |
| Koha item type | Book |
| Edition | 1st |
| Call number prefix | 005.73 TENA |
| Withdrawn status | Lost status | Source of classification or shelving scheme | Damaged status | Not for loan | Collection code | Home library | Current library | Date acquired | Total Checkouts | Full call number | Barcode | Date last seen | Price effective from | Koha item type | Cost, normal purchase price | Cost, replacement price |
|---|---|---|---|---|---|---|---|---|---|---|---|---|---|---|---|---|
| Dewey Decimal Classification | MCA | St Aloysius Institute of Management & Information Technology | St Aloysius Institute of Management & Information Technology | 07/16/2021 | 005.73 TENA | MCA01413 | 05/23/2026 | 07/16/2021 | Book | |||||||
| Dewey Decimal Classification | MCA | St Aloysius Institute of Management & Information Technology | St Aloysius Institute of Management & Information Technology | 07/16/2021 | 005.73 TENA | MCA01577 | 05/23/2026 | 07/16/2021 | Book | |||||||
| Dewey Decimal Classification | Reference Book | MCA | St Aloysius Institute of Management & Information Technology | St Aloysius Institute of Management & Information Technology | 07/16/2021 | 005.73 TENA | MCA01578 | 07/21/2025 | 07/16/2021 | Book | ||||||
| Dewey Decimal Classification | MCA | St Aloysius Institute of Management & Information Technology | St Aloysius Institute of Management & Information Technology | 07/16/2021 | 005.73 TENA | MCA01694 | 05/23/2026 | 07/16/2021 | Book | |||||||
| Dewey Decimal Classification | MCA | St Aloysius Institute of Management & Information Technology | St Aloysius Institute of Management & Information Technology | 07/16/2021 | 005.73 TENA | MCA01696 | 05/23/2026 | 07/16/2021 | Book | |||||||
| Dewey Decimal Classification | MCA | St Aloysius Institute of Management & Information Technology | St Aloysius Institute of Management & Information Technology | 07/16/2021 | 005.73 TENA | MCA02446 | 05/23/2026 | 07/16/2021 | Book | 125.00 | 125.00 |